New Zealand Rugby All Blacks - Top tryscorer 2000-2023 - Statistics

General Stats
  • This quiz has been taken 738 times
    222 since last reset
  • The average score is 15 of 25
Answer Stats
Year Tries Player % Correct
2012 12 Julian Savea
89%
2014 11 Julian Savea
89%
2015 (joint) 8 Julian Savea
89%
2021 15 Will Jordan
87%
2020 3 Jordie Barrett
84%
2013 11 Ben Smith
80%
2001(joint) 5 Jonah Lomu
74%
2017 10 Rieko Ioane
73%
2001(joint) 5 Douglas Howlett
64%
2002 7 Douglas Howlett
64%
2009 4 Ma'a Nonu
63%
2003 17 Joe Rokocoko
61%
2004 10 Joe Rokocoko
61%
2007 8 Joe Rokocoko
61%
2015(joint) 8 Nehe Milner-Skudder
60%
2000 11 Christian Cullen
59%
2016 10 Israel Dagg
55%
2019 7 George Bridge
44%
2001(joint) 5 Jeff Wilson
44%
2005 8 Sitiveni Sivivatu
44%
2006 6 Sitiveni Sivivatu
44%
2008 8 Mils Muliaina
40%
2010 7 Mils Muliaina
40%
2011 6 Zac Guildford
22%
2022 7 Samisoni Taukei'aho
11%
No matching quizzes found
Score Distribution
Percent of People with Each Score
Percentile by Number Answered
Your Score History
You have not taken this quiz since the last reset